| 000 | 01229nam a2200337Ia 4500 | ||
|---|---|---|---|
| 001 | ebr10648142 | ||
| 003 | CaPaEBR | ||
| 006 | m u | ||
| 007 | cr cn||||||||| | ||
| 008 | 890727c19891969nyu s b 000 0 eng d | ||
| 010 | _z 69018212 | ||
| 020 | _z0801405017 | ||
| 020 | _z0801495563 | ||
| 020 | _z9780801467219 | ||
| 020 | _z9780801495564 | ||
| 040 |
_aCaPaEBR _cCaPaEBR |
||
| 035 | _a(OCoLC)847572197 | ||
| 050 | 1 | 4 |
_aDF229.2 _b.K34 1989eb |
| 082 | 0 | 4 |
_a938/.05 _223 |
| 100 | 1 | _aKagan, Donald. | |
| 245 | 1 | 4 |
_aThe outbreak of the Peloponnesian War _h[electronic resource] / _cD. Kagan. |
| 260 |
_aIthaca [N.Y.] : _bCornell University Press, _c1989, c1969. |
||
| 300 | _axvi, 420 p. | ||
| 504 | _aIncludes bibliographical references. | ||
| 533 |
_aElectronic reproduction. _bPalo Alto, Calif. : _cebrary, _d2013. _nAvailable via World Wide Web. _nAccess may be limited to ebrary affiliated libraries. |
||
| 651 | 0 |
_aGreece _xHistory. |
|
| 651 | 0 |
_aGreece _xHistory _yPeloponnesian War, 431-404 B.C. |
|
| 655 | 7 |
_aElectronic books. _2local |
|
| 710 | 2 | _aebrary, Inc. | |
| 856 | 4 | 0 |
_uhttp://site.ebrary.com/lib/rucke/Doc?id=10648142 _zAn electronic book accessible through the World Wide Web; click to view |
| 999 |
_c34696 _d34696 |
||